Airlines by Tail Logo Quiz Stats

 Plays Quiz Updated Jun 11, 2017

Support Sporcle.
Go Orange.
Score 0/16 Timer 05:00
5 Plays Today
% Correct
Qantas
80.1%
Delta Air Lines
79.7%
United
Airlines
78.9%
Lufthansa
76.8%
Korean Air
67.6%
British Airways
66.2%
Emirates
66.2%
Air France
60.5%
% Correct
Southwest Airlines
59.8%
Qatar Airways
52.6%
Thai Airways
52.4%
Air China
52.3%
Japan Airlines
51.9%
Singapore
Airlines
51.8%
JetBlue
31.1%
China Southern
Airlines
28.1%

You're not logged in!

Compare scores with friends on all Sporcle quizzes.
OR
Log In
Forgot?

From the Vault

Farthest Apart Neighbours

by Onno

They say that fences make good neighbours, so do many many miles.
Remove Ads.
Support Sporcle.
Get the best of Sporcle when you Go Orange. This ad-free experience offers more features, more stats, and more fun while also helping to support Sporcle. Thank you for becoming a member.

Show Comments

Extras

Top Quizzes Today


Score Distribution

Your Account Isn't Verified!

In order to create a playlist on Sporcle, you need to verify the email address you used during registration. Go to your Sporcle Settings to finish the process.

Report this User

Report this user for behavior that violates our Community Guidelines.

Details: